000 01658nam a2200469 i 4500
001 18690
003 KOSZ 005
005 20200730123413.0
008 010104s1979 pl a f |001 0 pol
015 _aUWD 1979/10163
020 _a8320401070
035 _a991015464299705066
035 _a(PL-WaBN)b14154080-48omnis_nlop
035 _ab14154080
035 _a(OCoLC)749829504
035 _a(PL)b0000001415408
035 _a(EXLNZ-48OMNIS_NETWORK)9910176827905606
040 _aWA N
_cWA N
_dWA N
_dKOSZ 005/HR
041 0 _apol
046 _k1979
080 _a621.37.049.77
245 0 0 _aFiltry aktywne RC :
_bpraca zbiorowa /
_cpod red. Michała Białki ; [aut. Michał Białko, Andrzej Guziński, Wiesław Sieńko, Jacek Żurada.
260 _aWarszawa :
_bWydawnictwa Naukowo-Techniczne,
_c1979.
300 _a409, [3] s. :
_bil., tab., wykr. ;
_c25 cm.
336 _aTekst
_btxt
_2rdacontent
337 _aBez urządzenia pośredniczącego
_bn
_2rdamedia
338 _aWolumin
_bnc
_2rdacarrier
380 _aKsiążki
388 _a1901-2000
388 _a1945-1989
504 _aBibliogr. przy rozdz. - Indeks.
650 7 _aFiltry elektryczne
_2DBN
658 _aInżynieria i technika
700 1 _aBiałko, Michał
_d(1929-2020)
_eAutor
_eRedakcja
700 1 _aGuziński, Andrzej
_eAutor
700 1 _aSieńko, Wiesław
_eAutor
700 1 _aŻurada, Jacek
_eAutor
710 2 _aWydawnictwa Naukowo-Techniczne
_4pbl
856 _uhttp://koha.tu.koszalin.pl/cgi-bin/koha/opac-detail.pl?biblionumber=18690
_yKatalog online BPK
942 _2UKD
_cKS
999 _c18690
_d18690